Selected letters of I.A.Richards, CH
Αποθηκεύτηκε σε:
| Άλλοι συγγραφείς: | |
|---|---|
| Μορφή: | Βιβλίο |
| Γλώσσα: | English |
| Δημοσίευση: |
Oxford :
Claredon Press,
1990
|
| Θέματα: | |
| Ετικέτες: |
Προσθήκη ετικέτας
Δεν υπάρχουν, Καταχωρήστε ετικέτα πρώτοι!
|
MARC
| LEADER | 00000nam a2200000 i 4500 | ||
|---|---|---|---|
| 001 | 1/97064 | ||
| 008 | 991216s1990 eng d | ||
| 020 | |a 0-19-818602-9 |c 40.00 | ||
| 035 | |l 10055995 | ||
| 040 | |a GR-MY-UA |b gre |e aacr | ||
| 041 | 0 | |a eng | |
| 082 | 0 | |a 828.91409 | |
| 245 | 1 | 0 | |a Selected letters of I.A.Richards, CH / |c edited by John Constable |
| 260 | |a Oxford : |b Claredon Press, |c 1990 | ||
| 300 | |a xivi, 226 p.; |b ill.; |c 24 cm. | ||
| 600 | 1 | 0 | |a Richards I. A. |q (Ivor Armstrong) |d 1893- |x Correspondence. |
| 650 | 0 | 0 | |a Authors, English |y 20th century |x Correspondence. |
| 650 | 0 | 0 | |a Critics |z Great Britain |x Correspondence. |
| 650 | 0 | 0 | |a Literature |x History and criticism. |
| 700 | 1 | |a Constable, John |d 1963- |4 edt | |
| 852 | |a INST |b RHODES |e 19991216 |h 828.91409 SEL |p 005400012079 |q 005400012079 |t BK |y 0 | ||
| 901 | |a BIBL4-2000-1 | ||
| 909 | |a Ρ |b 068545 | ||
| 922 | |a 4ΕΛΗ |b 199909 |c ΚΠΣ/154 |d GLORY BOOKS | ||
| 950 | |a 154-1999-07-27 | ||
| 970 | |a ΚΟΥΛΑΚΙΟΤΗ |b ΛΙΤΣΑ |z 2000/01/17 | ||